An introduction to Stein's method (Record no. 100500)
[ view plain ]
| 000 -LEADER | |
|---|---|
| fixed length control field | 01537nam a2200349Ia 4500 |
| 082 04 - DEWEY DECIMAL CLASSIFICATION NUMBER | |
| Classification number | 519.2/4 |
| 245 03 - TITLE STATEMENT | |
| Title | An introduction to Stein's method |
| 260 ## - PUBLICATION, DISTRIBUTION, ETC. (IMPRINT) | |
| Place of publication | Singapore : |
| Name of publisher | Singapore University Press ; |
| Place of publication | Hackensack, N.J. : |
| Name of publisher | World Scientific, |
| Year of publication | c2005. |
| 300 ## - PHYSICAL DESCRIPTION | |
| Number of Pages | xii, 225 p. |
| 490 1# - SERIES STATEMENT | |
| Series statement | Lecture notes series / Institute for Mathematical Sciences, National University of Singapore ; |
| 650 #0 - SUBJECT ADDED ENTRY--TOPICAL TERM | |
| Topical Term | Distribution (Probability theory) |
| Topical Term | Approximation theory. |
| Topical Term | Probabilities. |
| 700 1# - ADDED ENTRY--PERSONAL NAME | |
| Personal name | Barbour, A. D. |
| Personal name | Chen, Louis H. Y. |
| 856 40 - ELECTRONIC LOCATION AND ACCESS | |
| Uniform Resource Identifier | http://site.ebrary.com/lib/rucke/Doc?id=10106560 |
No items available.
